| 000 | 01215namaa22003251i 4500 | ||
|---|---|---|---|
| 003 | EG-GICUC | ||
| 005 | 20260217114812.0 | ||
| 008 | 260217s1999 ua ||||jr|||| 000 0 ara d | ||
| 017 |
_a1999 / 14869 _bدار الكتب والوثائق القومية (مصر) |
||
| 020 | _a9772705621 | ||
| 040 |
_aEG-GiCUC _bara _cEG-GiCUC _dEG-GiCUC _erda |
||
| 043 | _af-ua--- | ||
| 082 | 0 | 4 |
_221 _a814 _bA1352 |
| 092 | 0 | 4 |
_221 _a814 _bA1352 |
| 099 | _a814 A1352 | ||
| 100 | 1 |
_aعبد السميع، عمرو _eمؤلف. |
|
| 245 | 1 | 0 |
_aجمهورية الحب : _bأوراقى عن الفن والثقافة / _cدكتور عمرو عبد السميع ؛ تقديم السيد يسين |
| 250 | _aالطبعة الاولى | ||
| 264 |
_aالقاهرة (مصر) : _bالدار المصرية اللبنانية، _c1999. |
||
| 300 |
_a414 صفحة ؛ _c24 سم |
||
| 336 |
_2rdacontent _atext |
||
| 337 |
_2rdamedia _aUnmediated |
||
| 338 |
_2rdacarrier _avolume |
||
| 541 |
_aد. جابر عصفور ؛ _bالقاهرة ؛ _cإهداء ؛ _d2024. |
||
| 650 | 1 | 7 |
_aالمقالات العربية _2qrmak |
| 651 | 1 | _2qrmak | |
| 700 | 1 |
_aيسين، السيد _eمقدم. |
|
| 905 | _aNermeen | ||
| 942 |
_2ddc _cBK _e21 _n0 |
||
| 999 |
_c178554 _d178554 |
||